Chau! [juego] /
Guardado en:
| Formato: | Objeto Físico |
|---|---|
| Publicado: |
Argentina :
Ditoys,
[201?]
|
| Materias: | |
| Etiquetas: |
Agregar Etiqueta
Sin Etiquetas, Sea el primero en etiquetar este registro!
|
| LEADER | 00781nrm a22001575g 4500 | ||
|---|---|---|---|
| 001 | CEM.cems019209 | ||
| 008 | 130507b201?##################0###0#####d | ||
| 005 | 20220829210356.0 | ||
| 003 | CEMS | ||
| 245 | 0 | 0 | |a Chau! [juego] / |c Ditoys |
| 260 | |a Argentina : |b Ditoys, |c [201?] | ||
| 300 | |a 1 juego (1 mesa de juego con 4 aberturas, 4 marcos puertas chau, 4 puertas trampa numeradas del 1 al 4, 180 cartas-preguntas y respuestas, 40 figuras personajes y 40 bases, 1 dado, 1 reloj de arena) ; en caja 37 x 26 x 8 cm. + instrucciones. | ||
| 500 | |a Para 4 jugadores o equipos a partir de 16 años objetivo: responder correctamente para conseguir las figuras personajes. | ||
| 082 | 0 | 4 | |a J793.73 |
| 653 | |a 1 .juegos de preguntas y respuestas | ||
| 859 | |a CEMS |b BIB. CEMS - Ludoteca |h J793.73 |i D635 |p 430.15 |t Ej.1 | ||
